| 000 | 01170nac a22002651u 4500 | ||
|---|---|---|---|
| 010 | _a 99462249 | ||
| 020 | _a0521643309 | ||
| 022 | _a0521644100 | ||
| 082 | 0 | 0 |
_a338.6048015193 _bG1316 |
| 090 |
_c2132 _d2132 |
||
| 100 | _aGale, Douglas. | ||
| 245 | 1 | 0 |
_aStrategic foundations of general equilibrium : _bdynamic matching and bargaining games / _cDouglas Gale. |
| 260 |
_aCambridge, UK ; _aNew York : _bCambridge University Press,2000 _c2000. |
||
| 300 |
_axi, 219 p. : _bill. ; _c23 cm. |
||
| 490 | 1 | _aChurchill lectures in economic theory | |
| 504 | _aIncludes bibliographical references (p. 208-213) and index. | ||
| 650 | 0 | _aCompetition. | |
| 650 | 0 | _aEquilibrium (Economics) | |
| 650 | 0 | _aGame theory. | |
| 830 | 0 | _aChurchill lectures in economics | |
| 856 | 4 | 2 |
_3Publisher description _uhttp://www.loc.gov/catdir/description/cam0210/99462249.html |
| 856 | 4 | 2 |
_3Table of contents _uhttp://www.loc.gov/catdir/toc/cam022/99462249.html |
| 942 |
_cBB _k338.6048015193G1316 |
||
| 999 |
_c2132 _d2132 |
||